000
00404nam a22001217a 4500
003
SGT
082
_a
891.4309
_b
K14G
100
_a
गुप्त, श्याम
245
_a
क्रांति राम की : सन्दर्भ एकल अभियान
260
_b
श्री शंकर सेवा समिति प्रकाशन
_c
2014
300
_a
508
942
_2
ddc
_c
BK
999
_c
31288
_d
31288